000 00661nam a22002297a 4500
003 SISC
005 20160314150225.0
008 130724t xxu||||| |||| 00| 0 eng d
020 _a0-8167-2557-8
050 _aPZ 7
_b.W655 1981
082 _aCLA W63r
_b1981
100 _aWiggin, Kate Douglas
_93674
245 _aRebecca of Sunnybrook /
_cKate Douglas Wiggin.
260 _aNew Jersey :
_bWatermill Press,
_cc1981.
300 _a309 p. ;
_c19 cm.
562 _e1
650 _aAunts--Fiction.
_93675
650 _aCity and town life--New England--Fiction.
_93676
650 _aNew England--Fiction.
_93677
942 _2lcc
_cBK
999 _c7701
_d7701